Komünist Rusya / (Record no. 14711)

MARC details
000 -BAŞLIK
Sabit Uzunlukta Kontrol Alanı 00491nam a22001817a 4500
999 ## - SİSTEM KONTROL NUMARALARI (KOHA)
Koha Biblionumber 14711
Koha Biblioitemnumber 14711
003 - KONTROL NUMARASI IDENTIFIER
Denetim Alanı MIRAKIL
005 - SON İŞLEM TARİHİ VE ZAMANI
Denetim Alanı 20211222114812.0
008 - SABİT-BOY VERİ ELEMANLARI - GENEL BİLGİLER
Sabit Uzunlukta Kontrol Alanı 211222b tu ||||| |||| 00| 0 tur d
040 ## - KATALOGLAMA KAYNAK
Orijinal Kataloglama Ajansı TR-AnCHP
Metne Dönüştürmek Ajansı TR-AnCHP
041 ## - DİL KODU
Metin / Ses Parça Veya Ayrı Başlığın Dil Kodu tur
082 ## - DEWEY ONLU SINIFLANDIRMA NUMARASI
Sınıflandırma Numarası 947.084
Ürün Numarası B34k 1947
100 ## - ANA GİRİŞ - KİŞİSEL İSİM
Kişisel Ad Belen, N.
245 10 - BAŞLIK TABLOSU
Başlık Komünist Rusya /
Sorumluluk Tablosu, Vb N. Belen
260 ## - YAYIN, DAĞITIM, VB
Yayın, Dağıtım, Vb Yeri İstanbul:
Yayıncı, Dağıtıcı, Vs Adı [yayl.y.],
Yayın, Dağıtım, Vb Tarihi 1947.
Üretici Firma Güven Basımevi.
300 ## - FİZİKSEL TANIM
Kapsam 77 s.:
Diğer Fiziksel Ayrıntıları hrt.;
Boyutlar 20 sm.
651 #0 - KONU KATMA GİRİŞ - COĞRAFİ ADI
9 (RLIN) 6830
Coğrafi İsim Rusya
Genel Alt Bölümü Komünist Dönem
942 ## - EKLENDİ GİRİŞ ELEMANLARI (KOHA)
Sınıflandırma Veya Raf Düzeni Kaynak Dewey Decimal Classification
Koha Öğesi Türü Books
Holdings
Kalıcı Konum Mevcut Konum Edinme Tarihi Toplam Check-Out'Lar Tam Çağrı Numarası Barkod Tarih Son Görülme İtibaren Geçerli Fiyatlar Koha Öğesi Türü
CHP Kütüphanesi CHP Kütüphanesi 12/22/2021   947.084 B34k 1947 020199 12/22/2021 12/22/2021 Books